000 01292cam a22003135a 4500
001 L146328
002 17578
008 090109s2009 xxk f 001 0 eng d
020 _a9780415465595
022 1 _a0267-4181
035 _a(Sirsi) u146328
041 0 _aeng
050 0 4 _a712.3 $2 18
110 2 _aDavis Langdon
_94649
245 0 0 _aSpon's external works and landscape price book
_b2009
250 _a28th ed.
260 _aLondon
_bTaylor and Francis
_c2009
300 _axxviii, 476p.
_c26cm.
350 _a115
505 2 _aGeneral -- Approximate estimates: major works -- Prices for measured works: major works -- Approximate estimates: minor works -- Prices for measured works: minor works -- Fees for professional services -- Rates of wages -- Daywork and prime cost -- Tables and memoranda
520 _aProvides a comprehensive source of information for detailed landscape and external works costs, covering all the items to be found in hard and soft landscape contracts. Includes new and revised Measured Works items.
520 _aSupersedes 27th edition (ISBN 9780415424448).
521 _aAdvanced
590 _aKA
651 4 _aUnited Kingdom
_y
690 _aBUILT ENVIRONMENT-BUILDING COSTS
710 1 _aLandPro Ltd Landscape Surveyors
942 _n0
999 _c109121
_d109121